[Event "North American-ch U14"]
[Site "Montreal"]
[Date "2010.08.16"]
[Round "1"]
[White "Jiang, Nathan"]
[Black "Sohal, Tanraj"]
[Result "0-1"]
[WhiteElo "1375"]
[BlackElo "2048"]
[PlyCount "84"]
[EventDate "2010.08.16"]
[EventType "swiss"]
[EventRounds "7"]
[EventCountry "CAN"]
[SourceTitle "EXT 2013"]
[Source "ChessBase"]
[SourceDate "2012.11.22"]
[SourceVersion "1"]
[SourceVersionDate "2012.11.22"]
[SourceQuality "1"]

1. e4 c5 2. Nf3 Nc6 3. d4 cxd4 4. Nxd4 Nf6 5. Nc3 e6 6. a3 e5 7. Nb3 Be7 8. Be2 0-0 9. 0-0 d6 10. Bg5 Ne8 11. Bxe7 Nxe7 12. Qd2 Be6 13. Rad1 a6 14. Kh1 Bxb3 15. cxb3 Nc6 16. Bc4 Qb6 17. Ne2 Nf6 18. Qc2 Rfd8 19. Bd5 Ne7 20. Bc4 Rac8 21. Qd3 Qc6 22. Nc3 b5 23. Bd5 Nexd5 24. Nxd5 Nxd5 25. Qxd5 Qxd5 26. Rxd5 Rc2 27. f3 Rxb2 28. b4 Rb3 29. Ra1 Kf8 30. Kg1 Ke7 31. a4 Rxb4 32. axb5 axb5 33. Ra7+ Rd7 34. Ra5 Rb1+ 35. Kf2 b4 36. Rab5 Rb2+ 37. Kg3 Rc7 38. Rb6 Rcc2 39. Rbxd6 Rxg2+ 40. Kh4 Rxh2+ 41. Kg5 Rbg2+ 42. Kf5 Rh5# 0-1